000 00588nam a2200229Ia 4500
003 OSt
005 20220925221605.0
006 a|||||r|||| 00| 0
007 ta
008 220923b |||||||| |||| 00| 0 eng d
037 _cGeneral Book
040 _aRTL
_cRTL
_beng
041 _2eng
_aeng
082 _aU43, J8
100 _aTAYLOR Griffith
245 0 _aUrban geography.
260 _aLondon
_bMethuen & co. U.K.
_c1958
300 _axv,439p.
_ccm.
650 _aGeography-Urban
942 _hU43, J8
_cGB
_2CC
999 _c574728
_d574728